Lose weight with green tea : (Record no. 150928)
[ view plain ]
| 000 -LEADER | |
|---|---|
| fixed length control field | 00788cam a2200241 a 4500 |
| 001 - CONTROL NUMBER | |
| control field | vtls003245354 |
| 003 - CONTROL NUMBER IDENTIFIER | |
| control field | MY-SjTCS |
| 005 - DATE AND TIME OF LATEST TRANSACTION | |
| control field | 20200226115622.0 |
| 008 - FIXED-LENGTH DATA ELEMENTS--GENERAL INFORMATION | |
| fixed length control field | 121120s2005 mnu b 001 0 eng d |
| 020 ## - INTERNATIONAL STANDARD BOOK NUMBER | |
| International Standard Book Number | 9780961522179 (pbk.) |
| 020 ## - INTERNATIONAL STANDARD BOOK NUMBER | |
| International Standard Book Number | 0961522178 (pbk.) |
| 039 #9 - LEVEL OF BIBLIOGRAPHIC CONTROL AND CODING DETAIL [OBSOLETE] | |
| Level of rules in bibliographic description | 201303051633 |
| Level of effort used to assign nonsubject heading access points | izani |
| -- | 201211200933 |
| -- | shuhada |
| 082 04 - DEWEY DECIMAL CLASSIFICATION NUMBER | |
| Classification number | 613.25 |
| Item number | ROU 2005 |
| 100 1# - MAIN ENTRY--PERSONAL NAME | |
| Personal name | Rouner, Patricia. |
| 245 10 - TITLE STATEMENT | |
| Title | Lose weight with green tea : |
| Remainder of title | a safe weight-loss method that works / |
| Statement of responsibility, etc. | Patricia Rouner. |
| 260 ## - PUBLICATION, DISTRIBUTION, ETC. | |
| Place of publication, distribution, etc. | Saint Paul, MN : |
| Name of publisher, distributor, etc. | Smith House Press, |
| Date of publication, distribution, etc. | c2005. |
| 300 ## - PHYSICAL DESCRIPTION | |
| Extent | vii, 157 p. ; |
| Dimensions | 21 cm. |
| 504 ## - BIBLIOGRAPHY, ETC. NOTE | |
| Bibliography, etc. note | Includes bibliographical references and index. |
| 650 #0 - SUBJECT ADDED ENTRY--TOPICAL TERM | |
| Topical term or geographic name entry element | Reducing diets. |
| 9 (RLIN) | 21374 |
| 650 #0 - SUBJECT ADDED ENTRY--TOPICAL TERM | |
| Topical term or geographic name entry element | Weight loss. |
| 650 #0 - SUBJECT ADDED ENTRY--TOPICAL TERM | |
| Topical term or geographic name entry element | Green tea |
| General subdivision | Health aspects. |
| 920 ## - Programme | |
| Programme | BMS : 189942 |
| Withdrawn status | Lost status | Source of classification or shelving scheme | Damaged status | Not for loan | Home library | Current library | Date acquired | Cost, normal purchase price | Total Checkouts | Barcode | Date last seen | Date last checked out | Copy number | Uniform Resource Identifier | Cost, replacement price | Koha item type | Public note |
|---|---|---|---|---|---|---|---|---|---|---|---|---|---|---|---|---|---|
| Dewey Decimal Classification | Taylor's Library-TU | Taylor's Library-TU | 23/01/2013 | 56.81 | 7 | 5000144376 | 05/12/2019 | 31/05/2017 | 1 | Floor 4, Shelf 17 , Side 2, TierNo 3, BayNo 2 | 56.81 | Main Collection | SBSxx,36000,03,CL |